1122 1628 1481 1945 1000 1739 1777 1648 1010 1395 1569 1200 1145 1027 1276 1150 1426 1753 1700 1271 1823 1393 1839 1133 1105 1674 1786 1334 1450 1715 1980 1124 1643 1311 1575 1042 1593 1997 1475 1281 1659 1254 1829 1375 1950 1005 1955 1333 1007 1941 1227 1981 1417 1252 1107 1473 1488 1210 1315 1596 1675 1193 1732 1227 1171 1322 1150 1219 1279 1460 1003 1152 1660 1808 1949 1239 1005 1253 1960 1476 1648 1530 1100 1365 1220 1767 1759 1716 1283 1393 1928 1855 1065 1670 1589 1156 1944 1034 1436 BCNSPRNW ULIB Ver.6.0+V

เปลี่ยนเป็นภาษาไทย

Change to English
 แสดงรายละเอียดบรรณานุกรม
  กลับหน้าหลัก

Brief Record : Get Marc (ISO 2709) : E-mail record : QR code < ปิดหน้าต่าง
LEADER : 00000nam 2200000uu 4500
001    13399113741
003     ULIB
008    111220s2547||||th 000 0 tha d
020    ^a9746596403
060 04 ^aWA292^bค121ก 2547
100 0  ^aนพพร เชาวะเจริญ
110 1  ^aมหาวิทยาลัยขอนแก่น^bคณะแพทยศาสตร์
245 10 ^aการปฏิบัติการกู้ชีพ =^bCardiopulmunary Resuscitation /^cบรรณาธิการ นพพร เชาวะเจริญ และคณะ
246 31 ^aCardiopulmunary Resuscitation
250    ^aพิมพ์ครั้งที่ 2
260    ^aขอนแก่น :^bภาควิชาเวชศาสตร์ชุมชน คณะแพทยศาสตร์มหาวิทยาลัยขอนแก่น,^c2547
300    ^a108 หน้า :^bภาพประกอบ
650  7 ^aปฐมพยาบาล
700 0  ^aพนอ เตชะอธิก^xบรรณาธิการ
700 0  ^aกาญจนา สิมะจารึก^xบรรณาธิการ
700 0  ^aกัญญา วงศรี^xบรรณาธิการ
700 0  ^aนิตยา วอแพง^xบรรณาธิการ
945    ^p0^l0^i24320
995    ^aกัณชพร
999    ^aใช้งานได้ทุกระบบ
รายการนี้ยังไม่มีแท็ก
คุณยังไม่ได้ล็อกอิน คุณสามารถมีกิจกรรมร่วมกับเว็บไซต์ได้ แต่ต้องล็อกอินก่อน ::
  ล็อกอิน

รายการสื่อสารสนเทศ

ลำดับที่ ประเภท เลขเรียก/บาร์โค้ด สถานที่ สถานะ
- ไม่พบข้อมูล -

รายการใกล้เคียง
    ผู้แต่ง [นพพร เชาวะเจริญ]

    หัวเรื่อง [ปฐมพยาบาล]

BibComment


ยังไม่เคยถูกคอมเมนท์

คอมเมนท์ทรัพยากรรายการนี้
  คอมเมนท์: การปฏิบัติการกู้..


 Copyright 2026. Bcnsprnw @Library